Southville International School and Colleges
Your cart is empty.
  • Cart
  • Lists
    Public lists Eva Luna New books Lux_list list_1
    Your lists Log in to create your own lists
  • Log in to your account
  • Your cookies
  • Search history
Southville International School and Colleges
  • Advanced search
  • Recent comments
  • Most popular
  • Libraries

Log in to your account

Log in with GOOGLE


If you do not have an external account, but do have a local account, you can still log in:

  1. Home
  2. MARC view: Barron's AP comparative government and politics /
Normal view MARC view ISBD view

Barron's AP comparative government and politics / (Record no. 306682)

[ view plain ]
MARC details
000 -LEADER
fixed length control field 01560cam a2200397 i 4500
001 - CONTROL NUMBER
control field 18846767
003 - CONTROL NUMBER IDENTIFIER
control field LC
005 - DATE AND TIME OF LATEST TRANSACTION
control field 20170208153810.0
008 - FIXED-LENGTH DATA ELEMENTS--GENERAL INFORMATION
fixed length control field 151105s2016 nyub 001 0 eng d
010 ## - LIBRARY OF CONGRESS CONTROL NUMBER
LC control number 2015956736
020 ## - INTERNATIONAL STANDARD BOOK NUMBER
International Standard Book Number 9781438006154
035 ## - SYSTEM CONTROL NUMBER
System control number (OCoLC)ocn919482787
040 ## - CATALOGING SOURCE
Original cataloging agency BTCTA
Language of cataloging eng
Transcribing agency BTCTA
Description conventions rda
Modifying agency YDXCP
-- OCLCQ
-- HCO
-- OCLCO
-- OCLCF
-- OCLCO
-- DLC
042 ## - AUTHENTICATION CODE
Authentication code lccopycat
050 00 - LIBRARY OF CONGRESS CALL NUMBER
Classification number JA66
Item number .D39 2016
100 1# - MAIN ENTRY--PERSONAL NAME
Personal name Davis, Jeff,
Titles and other words associated with a name M.Ed.,
Relator term author.
245 10 - TITLE STATEMENT
Title Barron's AP comparative government and politics /
Statement of responsibility, etc Jeff Davis, M.Ed.
246 3# - VARYING FORM OF TITLE
Title proper/short title Barron's advanced placement comparative government and politics
246 30 - VARYING FORM OF TITLE
Title proper/short title AP comparative government and politics
260 ## - PUBLICATION, DISTRIBUTION, ETC. (IMPRINT)
Place of publication, distribution, etc Hauppauge, NY :
Name of publisher, distributor, etc Barron's Educational Series, Inc.,
Date of publication, distribution, etc 2016
300 ## - PHYSICAL DESCRIPTION
Extent v, 303 pages :
Other physical details maps ;
Dimensions 28 cm
500 ## - GENERAL NOTE
General note Includes index.
650 #0 - SUBJECT ADDED ENTRY--TOPICAL TERM
Topical term or geographic name as entry element Political science
Form subdivision Examinations, questions, etc.
650 #0 - SUBJECT ADDED ENTRY--TOPICAL TERM
Topical term or geographic name as entry element Political science
General subdivision Examinations
Form subdivision Study guides.
650 #0 - SUBJECT ADDED ENTRY--TOPICAL TERM
Topical term or geographic name as entry element Advanced placement programs (Education)
General subdivision Examinations
Form subdivision Study guides.
650 #7 - SUBJECT ADDED ENTRY--TOPICAL TERM
Topical term or geographic name as entry element Advanced placement programs (Education)
General subdivision Examinations.
Source of heading or term fast
650 #7 - SUBJECT ADDED ENTRY--TOPICAL TERM
Topical term or geographic name as entry element Political science.
Source of heading or term fast
650 #7 - SUBJECT ADDED ENTRY--TOPICAL TERM
Topical term or geographic name as entry element Political science
General subdivision Examinations.
Source of heading or term fast
655 #7 - INDEX TERM--GENRE/FORM
Genre/form data or focus term Examinations.
Source of term fast
655 #7 - INDEX TERM--GENRE/FORM
Genre/form data or focus term Study guides.
Source of term fast
655 #7 - INDEX TERM--GENRE/FORM
Genre/form data or focus term Study guides.
Source of term lcgft
906 ## - LOCAL DATA ELEMENT F, LDF (RLIN)
a 7
b cbc
c orignew
d 2
e epcn
f 20
g y-gencatlg
942 ## - ADDED ENTRY ELEMENTS (KOHA)
Source of classification or shelving scheme Library of Congress Classification
Koha item type Books
Holdings
Withdrawn status Lost status Source of classification or shelving scheme Damaged status Home library Current library Shelving location Date acquired Source of acquisition Total Checkouts Full call number Barcode Date last seen Price effective from Koha item type
    Library of Congress Classification   Luxembourg Library Luxembourg Library Teachers Reference Section 02/08/2017 Library Fund   JA 66 .D39 2016 20387 02/08/2017 02/08/2017 Books

Barron's AP comparative government and politics /

APA

Davis J., . (2016). Barron's AP comparative government and politics. Hauppauge, NY: Barron's Educational Series, Inc.

Chicago

Davis Jeff, . 2016. Barron's AP comparative government and politics. Hauppauge, NY: Barron's Educational Series, Inc.

Harvard

Davis J., . (2016). Barron's AP comparative government and politics. Hauppauge, NY: Barron's Educational Series, Inc.

MLA

Davis Jeff, . Barron's AP comparative government and politics. Hauppauge, NY: Barron's Educational Series, Inc. 2016.

  • Place hold
  • Print
  • Cite
  • Add to your cart (remove)
  • Save record
    BIBTEX Dublin Core MARCXML MARC (non-Unicode/MARC-8) MARC (Unicode/UTF-8) MARC (Unicode/UTF-8, Standard) MODS (XML) RIS
  • More searches
    Search for this title in:
    Other Libraries (WorldCat) Other Databases (Google Scholar) Online Stores (Bookfinder.com) Open Library (openlibrary.org)

Exporting to Dublin Core...

SOUTHVILLE LIBRARY

Southville International School and Colleges Library

1281 Tropical Ave. Cor. Luxembourg St., BF Homes International, Las Pinas City

Tel. No. 8256374 / 252358 Loc. 117/146

Powered by Koha